000
00336nam a22001457a 4500
008
210312b ||||| |||| 00| 0 eng d
020
_a
9780763749767
041
_a
eng
080
_a
610.73
082
_a
610.73
100
_a
1
101
_a
INF
245
_a
Creative Nursing Leadership & Management
_c
Cleark,CH.C
942
_2
udc
_c
BK
999
_c
56588
_d
56588